[Event "Olomouc Chess Summer 2023 - A1"]
[Site "Olomouc (CZE), Hotel Flora"]
[Date "2023.08.15"]
[Round "5"]
[Board "5"]
[White "Stinka, Jakub"]
[Black "Frank, Adam"]
[Result "0-1"]
[WhiteElo "2298"]
[BlackElo "2344"]
[PlyCount "0"]
[EventDate "2023.08.12"]
[EventRounds "9"]
[EventCountry "CZE"]

1. d4 d5 2. c4 e6 3. Nf3 c5 4. cxd5 exd5 5. g3 Nf6 6. Bg2 Nc6 7. O-O Be7 8. Be3 c4
9. Ne5 Be6 10. b3 Rc8 11. bxc4 dxc4 12. Nxc6 bxc6 13. Nc3 O-O 14. Rc1 Nd5 15. Bd2
Nb6 16. Bf4 Nd5 17. Bd2 Nb6 18. Bf4 g5 19. Bd2 Qxd4 20. Ne4 h6 21. Qc2 Nd5 22. Rfd1
Qg7 23. Ba5 Qe5 24. Qd2 f5 25. Nc3 Nf4 26. gxf4 Qxa5 27. Qe3 Kf7 28. Qh3 g4 29. Qh5+
Kg7 30. e4 Rcd8 31. Rxd8 Rxd8 32. exf5 Qxf5 33. Qxf5 Bxf5 34. Bxc6 Rd4 35. Nd5 Ba3
36. Ne3 Bd3 37. Rd1 Rxf4 38. Bb5 Bb2 39. a4 a5 40. Ba6 h5 41. Bb5 Kh6 42. Nd5 Re4
43. Ne3 Kg5 44. Kg2 h4 45. Ba6 h3+ 46. Kg1 Ba3 47. Bb5 Bc5 48. Rc1 Rxe3  0-1

[Event "Olomouc Chess Summer 2023 - A1"]
[Site "Olomouc (CZE), Hotel Flora"]
[Date "2023.08.16"]
[Round "6"]
[Board "1"]
[White "Natsidis, Christoph"]
[Black "Frank, Adam"]
[Result "1-0"]
[WhiteElo "2342"]
[BlackElo "2344"]
[PlyCount "0"]
[EventDate "2023.08.12"]
[EventRounds "9"]
[EventCountry "CZE"]

1. d4 d5 2. c4 e6 3. Nc3 c5 4. cxd5 exd5 5. Nf3 Nf6 6. g3 Nc6 7. Bg2 Be7 8. O-O O-O
9. b3 Ne4 10. Bb2 Bf6 11. Na4 cxd4 12. Nxd4 Bd7 13. Rc1 Qe7 14. Nxc6 Bxc6 15. Bxf6
Qxf6 16. Qd3 Rfe8 17. Nc3 Rad8 18. Bxe4 dxe4 19. Qe3 a6 20. Rfd1 Qe5 21. Rxd8 Rxd8
22. f4 Qa5 23. Rb1 Qb4 24. Kf2 h6 25. Rd1 Rd6 26. Ke1 Rxd1+ 27. Kxd1 a5 28. Qd2 b5
29. Kc2 Qe7 30. Qd4 b4 31. Nd1 Kh7 32. Ne3 f6 33. Kd2 a4 34. bxa4 Bxa4 35. Nd5 Qd6
36. Ke3 f5 37. Nxb4 Qc7 38. Nd5 Qc1+ 39. Kf2 Bc6 40. Ne3 Qh1 41. Nxf5 Qxh2+ 42. Ke1
Kg6 43. Ne7+ Kf7 44. Nxc6 Qxg3+ 45. Kd2 Qxf4+ 46. Qe3 Qd6+ 47. Nd4 Qe7 48. Qb3+ Kf6
49. Qb6+ Kg5 50. Qb5+ Kg4 51. Qf5+ Kg3 52. Ke3 g5 53. Qf2+ Kh3 54. a4 g4 55. Qf5
Qg7 56. a5 Kh2 57. Qxe4 g3 58. Nf3+ Kh3 59. Qf5+ Kg2 60. Kf4 Qc7+ 61. Kg4 Qc4+ 62.
Qf4 h5+ 63. Kg5 Qxe2 64. Nh4+ Kh3 65. Nf5 Kh2 66. Qxg3+ Kh1 67. Qh3+ Kg1 68. Qh1+
 1-0

[Event "Olomouc Chess Summer 2023 - A1"]
[Site "Olomouc (CZE), Hotel Flora"]
[Date "2023.08.16"]
[Round "6"]
[Board "2"]
[White "Szwed, Jacek"]
[Black "Stinka, Jakub"]
[Result "1/2-1/2"]
[WhiteElo "2358"]
[BlackElo "2298"]
[PlyCount "0"]
[EventDate "2023.08.12"]
[EventRounds "9"]
[EventCountry "CZE"]

1. c4 e6 2. g3 Nf6 3. Bg2 d5 4. Nf3 d4 5. O-O c5 6. e3 Nc6 7. exd4 cxd4 8. d3 Bd6
9. Bg5 h6 10. Bxf6 Qxf6 11. Nfd2 Qe7 12. Ne4 Bc7 13. Na3 O-O 14. Nb5 Bb8 15. c5 Bd7
16. Rc1 a6 17. Na3 f5 18. Nd6 Bxd6 19. cxd6 Qxd6 20. Nc4 Qe7 21. Nb6 Rad8 22. Nxd7
Qxd7 23. Bxc6 bxc6 24. Qa4 Rc8 25. Qxa6 e5 26. Rfe1 Rfe8 27. Qc4+ Kh8 28. Qc5 e4
29. Rc4 f4 30. dxe4 f3 31. Qh5 Rf8 32. Rd1 d3 33. Rc3 Qe6 34. Rcxd3 Qxe4 35. h3 c5
36. Qd5 Qe2 37. R3d2 Qe7 38. Qd7 Qf6 39. Qd6 Qf7 40. Qd5 Qf6 41. Qh5 c4 42. Rd6 Qxb2
43. Rxh6+ gxh6 44. Qxh6+ Kg8 45. Qe6+ Kh8 46. Qh6+ Kg8 47. Qe6+ Kh8 48. Qh6+  1/2-1/2

[Event "Olomouc Chess Summer 2023 - A1"]
[Site "Olomouc (CZE), Hotel Flora"]
[Date "2023.08.16"]
[Round "6"]
[Board "3"]
[White "Poltorak, Sebastian"]
[Black "Plat, Vojtech"]
[Result "1/2-1/2"]
[WhiteElo "2356"]
[BlackElo "2486"]
[PlyCount "20"]
[EventDate "2023.08.12"]
[EventRounds "9"]
[EventCountry "CZE"]

1. d4 d5 2. Nf3 Nf6 3. Bf4 Bf5 4. e3 e6 5. Bd3 Bxd3 6. Qxd3 c6 7. c3 Bd6 8. Bxd6
Qxd6 9. O-O O-O 10. Nbd2 Nbd7  1/2-1/2

[Event "Olomouc Chess Summer 2023 - A1"]
[Site "Olomouc (CZE), Hotel Flora"]
[Date "2023.08.16"]
[Round "6"]
[Board "4"]
[White "Gnojek, Petr"]
[Black "Pap, Gyula"]
[Result "1/2-1/2"]
[WhiteElo "2353"]
[BlackElo "2429"]
[PlyCount "0"]
[EventDate "2023.08.12"]
[EventRounds "9"]
[EventCountry "CZE"]

1. d4 d5 2. c4 e6 3. Nf3 Nf6 4. Nc3 Nbd7 5. cxd5 exd5 6. Bg5 c6 7. e3 h6 8. Bh4 Be7
9. Qc2 O-O 10. Bd3 Re8 11. O-O Ne4 12. Bxe4 Bxh4 13. Bh7+ Kh8 14. Bd3 Be7 15. Rab1
a5 16. a3 Bd6 17. b4 Nf6 18. Rfe1 Kg8 19. h3 Ra7 20. e4 dxe4 21. Nxe4 Nxe4 22. Bxe4
Be6 23. Qc3 axb4  1/2-1/2

[Event "Olomouc Chess Summer 2023 - A1"]
[Site "Olomouc (CZE), Hotel Flora"]
[Date "2023.08.16"]
[Round "6"]
[Board "5"]
[White "Sorm, Daniel"]
[Black "Krejci, Jan"]
[Result "0-1"]
[WhiteElo "2295"]
[BlackElo "2521"]
[PlyCount "0"]
[EventDate "2023.08.12"]
[EventRounds "9"]
[EventCountry "CZE"]

1. d4 d5 2. c4 e6 3. Nc3 Be7 4. cxd5 exd5 5. Bf4 Nf6 6. e3 c6 7. Bd3 Nbd7 8. h3 Nf8
9. Nge2 Ng6 10. Bg3 Bd6 11. O-O O-O 12. Qd2 Re8 13. f3 Nh5 14. Bf2 f5 15. Qc2 Qg5
16. f4 Qf6 17. Kh1 Qe6 18. g4 fxg4 19. f5 Qf6 20. hxg4 Rxe3 21. gxh5 Rh3+ 22. Kg2
Rh2+ 23. Kf3 Nh4+ 24. Kg4 h6 25. Be3 Nxf5 26. Bxf5 Qh4+ 27. Kf3 Qxh5+ 28. Bg4 Bxg4#
 0-1

[Event "Olomouc Chess Summer 2023 - A1"]
[Site "Olomouc (CZE), Hotel Flora"]
[Date "2023.08.17"]
[Round "7"]
[Board "1"]
[White "Krejci, Jan"]
[Black "Natsidis, Christoph"]
[Result "1-0"]
[WhiteElo "2521"]
[BlackElo "2342"]
[PlyCount "0"]
[EventDate "2023.08.12"]
[EventRounds "9"]
[EventCountry "CZE"]

1. e4 c5 2. Nf3 e6 3. b3 a6 4. Bb2 d5 5. exd5 exd5 6. Qe2+ Qe7 7. d4 Nf6 8. dxc5
Qxe2+ 9. Bxe2 Bxc5 10. O-O Nc6 11. Rd1 Be6 12. Nd4 Nxd4 13. Bxd4 Bxd4 14. Rxd4 Rc8
15. Bd3 Ne4 16. f3 Nc5 17. Bf1 Ke7 18. Na3 b5 19. Re1 Rhd8 20. g4 g5 21. h3 h5 22.
Bg2 Kf6 23. Re2 Nd7 24. Kf2 Ne5 25. Nb1 Ng6 26. Red2 Rh8 27. a4 Nf4 28. axb5 axb5
29. Kg3 Rc5 30. Bf1 h4+ 31. Kf2 Ra8 32. c3 Ra1 33. Rb2 Bd7 34. c4 bxc4 35. bxc4 Be6
36. Nc3 Kg7 37. Rb5 Rc8 38. c5 Rc1 39. Ne2 Nxe2 40. Bxe2 R8xc5 41. Rxc5 Rxc5 42.
f4 f6 43. f5 Bd7 44. Rb4 Kf7 45. Ke3 Ke7 46. Kd4 Rc2 47. Bd3 Rh2 48. Rb7 Kd6 49.
Rb6+ Bc6 50. Bb5 Rc2 51. Ra6 Rc1 52. Kd3 Rc5 53. Ba4 Kc7 54. Bxc6 Rxc6 55. Ra1 Kd6
56. Re1 Rb6 57. Re8 Kd7 58. Ra8 Rb3+ 59. Kd4 Rxh3 60. Ra7+ Ke8 61. Ra8+ Kf7 62. Ra7+
Kg8 63. Ra8+ Kg7 64. Ra7+ Kh6 65. Rf7 Rg3 66. Rxf6+ Kh7 67. Rf7+ Kg8 68. Ra7 Rxg4+
69. Ke5 h3 70. Kf6 Rb4 71. Kg6 Rb8 72. f6 Rf8 73. Rg7+ Kh8 74. f7 Rxf7 75. Rxf7 Kg8
76. Rd7 Kf8 77. Kxg5  1-0

[Event "Olomouc Chess Summer 2023 - A1"]
[Site "Olomouc (CZE), Hotel Flora"]
[Date "2023.08.17"]
[Round "7"]
[Board "2"]
[White "Pap, Gyula"]
[Black "Sorm, Daniel"]
[Result "1-0"]
[WhiteElo "2429"]
[BlackElo "2295"]
[PlyCount "0"]
[EventDate "2023.08.12"]
[EventRounds "9"]
[EventCountry "CZE"]

1. e4 c5 2. Nf3 Nc6 3. Bb5 g6 4. O-O Bg7 5. Re1 Nf6 6. c3 O-O 7. h3 Qb6 8. Bf1 e5
9. Bc4 d6 10. Na3 h6 11. d3 Kh7 12. Rb1 Be6 13. Bxe6 fxe6 14. b4 cxb4 15. cxb4 Nh5
16. b5 Nd4 17. Nxd4 exd4 18. Qg4 d5 19. exd5 exd5 20. Re6 Nf6 21. Rxb6 Nxg4 22. Rxb7
Nxf2 23. Bb2 Kh8 24. Rxg7 Nxh3+ 25. gxh3 Kxg7 26. Bxd4+ Kf7 27. Rc1 Ke6 28. Rc6+
Kd7 29. Nc2 Rac8 30. Nb4 a5 31. Rxc8 Kxc8 32. Nxd5 Kb7 33. Ne7 Rf3 34. Nc6 a4 35.
Na5+ Kc8 36. b6 Rf5 37. b7+  1-0

[Event "Olomouc Chess Summer 2023 - A1"]
[Site "Olomouc (CZE), Hotel Flora"]
[Date "2023.08.17"]
[Round "7"]
[Board "3"]
[White "Plat, Vojtech"]
[Black "Gnojek, Petr"]
[Result "1-0"]
[WhiteElo "2486"]
[BlackElo "2353"]
[PlyCount "0"]
[EventDate "2023.08.12"]
[EventRounds "9"]
[EventCountry "CZE"]

1. e4 d6 2. d4 Nf6 3. Nc3 g6 4. Be3 a6 5. f3 b5 6. a4 b4 7. Na2 a5 8. Ne2 Ba6 9.
c3 bxc3 10. Naxc3 Bg7 11. h4 c6 12. Qd2 h5 13. Rc1 Nbd7 14. Na2 Qb6 15. b4 Bxe2 16.
Bxe2 O-O 17. b5 Rfc8 18. O-O c5 19. e5 dxe5 20. dxc5 Nxc5 21. Rfd1 Nfd7 22. Nc3 Nb3
23. Nd5 Nxd2 24. Nxb6 Nxb6 25. Bxb6 Rxc1 26. Rxc1 e4 27. fxe4 Rb8 28. Ba7 Rb7 29.
Be3 Nxe4 30. Rc8+ Kh7 31. b6 Be5 32. Bf3 f5 33. Bxe4 fxe4 34. Rc5 Bg3 35. Rxa5 Rd7
36. Kf1 Rd1+ 37. Ke2 Re1+ 38. Kd2 Rg1 39. Bxg1  1-0

[Event "Olomouc Chess Summer 2023 - A1"]
[Site "Olomouc (CZE), Hotel Flora"]
[Date "2023.08.17"]
[Round "7"]
[Board "4"]
[White "Stinka, Jakub"]
[Black "Poltorak, Sebastian"]
[Result "1-0"]
[WhiteElo "2298"]
[BlackElo "2356"]
[PlyCount "0"]
[EventDate "2023.08.12"]
[EventRounds "9"]
[EventCountry "CZE"]

1. d4 Nf6 2. c4 e6 3. Nc3 Bb4 4. e3 O-O 5. Bd3 c5 6. Nf3 b6 7. O-O Bb7 8. Qe2 Bxc3
9. bxc3 Ne4 10. Qc2 f5 11. Nd2 Qh4 12. f3 Ng5 13. Nb3 Rf6 14. Qf2 Qh5 15. h4 Nf7
16. e4 d6 17. exf5 exf5 18. Qg3 Nc6 19. Bf4 Kh8 20. Rae1 Rg8 21. Bg5 Nxg5 22. hxg5
Qg6 23. Qh4 Rff8 24. f4 cxd4 25. cxd4 Qf7 26. d5 Nb4 27. Re6 g6 28. Bb1 Bc8 29. Qe1
Nxd5 30. cxd5 Bxe6 31. dxe6 Qg7 32. Qd2 Rd8 33. Re1 Rge8 34. Nd4 d5 35. Bxf5 gxf5
36. Nxf5 Qg6 37. Qd4+ Kg8 38. Nh6+ Kf8 39. e7+  1-0

[Event "Olomouc Chess Summer 2023 - A1"]
[Site "Olomouc (CZE), Hotel Flora"]
[Date "2023.08.17"]
[Round "7"]
[Board "5"]
[White "Frank, Adam"]
[Black "Szwed, Jacek"]
[Result "1/2-1/2"]
[WhiteElo "2344"]
[BlackElo "2358"]
[PlyCount "0"]
[EventDate "2023.08.12"]
[EventRounds "9"]
[EventCountry "CZE"]

1. e4 e6 2. d4 d5 3. Nd2 c5 4. Ngf3 cxd4 5. Nxd4 Nf6 6. exd5 Nxd5 7. N2f3 Bb4+ 8.
Bd2 Bc5 9. Bd3 Qb6 10. c3 Nc6 11. O-O Bxd4 12. cxd4 O-O 13. Re1 Nxd4 14. Nxd4 Qxd4
15. Bc3 Qf4 16. Be5 Qg5 17. Rc1 Bd7 18. h4 Qh6 19. Qg4 Rac8 20. Rcd1 Rfd8 21. Qg3
Bc6 22. Bb1 Rd7 23. f3 Rcd8 24. b3 f6 25. Bb2 Nf4 26. Rxd7 Rxd7 27. Bc3 Kf7 28. Qf2
g5 29. Bd4 Qxh4 30. Qxh4 gxh4 31. Be3 Nd5 32. Bf2 h3 33. gxh3 Nf4 34. Be3 Nxh3+ 35.
Kg2 Ng5 36. Bxa7 Nxf3 37. Rc1 Ng5+ 38. Kg3 Be4 39. Bxe4 Nxe4+ 40. Kf4 Nd6 41. Bc5
e5+ 42. Kf3 Nf5 43. a4 Rc7 44. b4 b6 45. Be3 Rxc1 46. Bxc1 Ke6 47. Bd2 Kd5 48. a5
bxa5 49. bxa5 Nd4+ 50. Kf2 Kc5 51. Bh6 Nf5 52. Bd2 Kb5 53. Kf3 Nd6 54. Bc3 Nc4 55.
Ke4 Nxa5 56. Kf5 Nc6 57. Kxf6 e4 58. Be1 e3 59. Kg7 Kc4 60. Kxh7 Ne5 61. Kg7 Nf3
62. Bg3 Kd3 63. Kf6 Ke4 64. Ke6 Nd4+ 65. Kf6 Nc2 66. Ke6 e2 67. Kd6 Ke3 68. Kc5 Nd4
69. Kc4 Nf3 70. Kc3 Ne5 71. Bh4 Nd3 72. Kc2 Nc5 73. Be1 Nd3 74. Bd2+ Ke4 75. Ba5
Ne5 76. Be1 Nc6 77. Kc3 Nd4 78. Kd2 Kf3 79. Kd3 Ne6 80. Ba5 Nc5+ 81. Kc2 Kf2 82.
Bb4 Ne6 83. Ba5 Nd4+ 84. Kd3 Nb3 85. Bb4 Kf3 86. Kc2 Nc5 87. Ba5 Ke3 88. Be1 Ne6
89. Bc3 Nc7 90. Bd2+ Ke4 91. Ba5 Nb5 92. Kd2 Kf3 93. Kd3 Na7 94. Be1 Nc6 95. Bc3
Ne5+ 96. Kc2 Nc6 97. Kd3 Kf2 98. Kc2 Ke3 99. Bd2+ Ke4 100. Bc3 Ne7 101. Be1 Nd5 102.
Ba5 Ne3+ 103. Kd2 Kf3 104. Kd3 Nd5 105. Be1 Nf4+ 106. Kc2 Ke3 107. Bd2+ Ke4 108.
Ba5 Ng2 109. Bb4 Kd4 110. Bc3+ Kc4 111. Be1  1/2-1/2

[Event "Olomouc Chess Summer 2023 - A1"]
[Site "Olomouc (CZE), Hotel Flora"]
[Date "2023.08.18"]
[Round "8"]
[Board "1"]
[White "Natsidis, Christoph"]
[Black "Szwed, Jacek"]
[Result "0-1"]
[WhiteElo "2342"]
[BlackElo "2358"]
[PlyCount "0"]
[EventDate "2023.08.12"]
[EventRounds "9"]
[EventCountry "CZE"]

1. Nf3 c5 2. c4 g6 3. Nc3 Bg7 4. e3 Nf6 5. d4 cxd4 6. exd4 d5 7. cxd5 Nxd5 8. Bc4
Nxc3 9. bxc3 Qc7 10. Bb3 Qxc3+ 11. Bd2 Qd3 12. Rc1 O-O 13. Rc3 Qa6 14. Bc4 b5 15.
Be2 Qxa2 16. Bxb5 Ba6 17. Be2 Nd7 18. O-O Bxe2 19. Qxe2 Nb6 20. Rc5 a5 21. Qxe7 a4
22. Rcc1 Qd5 23. Qc7 Nd7 24. Bb4 Rfb8 25. Ba3 Bf8 26. Ra1 Rb3 27. Qc1 Bxa3 28. Rxa3
Nb6 29. Ra1 a3 30. Qh6 Nd7 31. Rfc1 Nf8 32. Ne5 Qxd4 33. Nc6 Qf6 34. Qd2 a2 35. Nd4
Rb6 36. Ne2 Rb2 37. Qd5 Re8 38. Nc3 Qxf2+ 39. Kh1 Rd8 40. Qe4 Rdd2 41. Rg1 Qf6 42.
Nd1 Rb3  0-1

[Event "Olomouc Chess Summer 2023 - A1"]
[Site "Olomouc (CZE), Hotel Flora"]
[Date "2023.08.18"]
[Round "8"]
[Board "2"]
[White "Poltorak, Sebastian"]
[Black "Frank, Adam"]
[Result "1-0"]
[WhiteElo "2356"]
[BlackElo "2344"]
[PlyCount "0"]
[EventDate "2023.08.12"]
[EventRounds "9"]
[EventCountry "CZE"]

1. d4 d5 2. c4 e6 3. Nc3 c5 4. cxd5 exd5 5. Nf3 Nf6 6. Bg5 Be6 7. Bxf6 Qxf6 8. e4
dxe4 9. Nxe4 Qf4 10. Nfg5 Nc6 11. g3 Qc7 12. Nxe6 fxe6 13. dxc5 Qa5+ 14. Qd2 Qxd2+
15. Kxd2 O-O-O+ 16. Ke3 g6 17. Bh3 Nd4 18. Rad1 Nf5+ 19. Bxf5 exf5 20. Rxd8+ Kxd8
21. Rd1+ Kc7 22. Nd6 Bxd6 23. cxd6+ Kd7 24. Kf4 Re8 25. Rd2 h6 26. f3 Re1 27. h4
Rf1 28. b3 b5 29. Rd5 a6 30. h5 gxh5 31. Rxf5 Ra1 32. Rxh5 Rxa2 33. Rxh6 Rb2 34.
Rh7+ Kxd6 35. Rh6+ Ke7 36. Rxa6 Rxb3 37. g4 b4 38. Rb6 Kf7 39. g5 Kg7 40. Kg4 Rb1
41. f4 b3 42. Kf5 b2 43. Rb7+ Kg8 44. Kf6 Rf1 45. Rb8+ Kh7 46. g6+ Kh6 47. Rh8#  1-0

[Event "Olomouc Chess Summer 2023 - A1"]
[Site "Olomouc (CZE), Hotel Flora"]
[Date "2023.08.18"]
[Round "8"]
[Board "3"]
[White "Gnojek, Petr"]
[Black "Stinka, Jakub"]
[Result "1/2-1/2"]
[WhiteElo "2353"]
[BlackElo "2298"]
[PlyCount "0"]
[EventDate "2023.08.12"]
[EventRounds "9"]
[EventCountry "CZE"]

1. d4 Nf6 2. c4 e6 3. Nc3 Bb4 4. Qc2 O-O 5. a3 Bxc3+ 6. Qxc3 b6 7. Bg5 Bb7 8. e3
h6 9. Bh4 d5 10. Bxf6 Qxf6 11. cxd5 Bxd5 12. Qxc7 Nc6 13. Ne2 Rac8 14. Qg3 Bc4 15.
Qf3 Qxf3 16. gxf3 Na5 17. b4 Nb3 18. Rb1 a5 19. bxa5 bxa5 20. a4 e5 21. Ng3 Be6 22.
dxe5 Rfd8 23. Ne4 Rc2 24. Be2 Nc1 25. Ba6 Ba2 26. Rb6 Nd3+ 27. Kf1 Nxe5 28. Kg2 Bd5
29. Rd1 Nxf3 30. Bb7 Nd2 31. Bxd5 Rxd5 32. Rxd2 Rdxd2 33. Nxd2 Rxd2 34. Rb8+ Kh7
35. Rb5 Ra2 36. Rxa5 g5 37. Kg3 Kg6 38. e4 h5 39. Ra6+ Kg7 40. h3 Ra3+ 41. f3 f6
42. a5 h4+ 43. Kf2 Ra2+ 44. Ke3 Ra3+ 45. Ke2 Ra2+ 46. Ke1 Ra3 47. Ke2 Ra2+ 48. Ke3
Ra3+ 49. Ke2  1/2-1/2

[Event "Olomouc Chess Summer 2023 - A1"]
[Site "Olomouc (CZE), Hotel Flora"]
[Date "2023.08.18"]
[Round "8"]
[Board "4"]
[White "Sorm, Daniel"]
[Black "Plat, Vojtech"]
[Result "0-1"]
[WhiteElo "2295"]
[BlackElo "2486"]
[PlyCount "0"]
[EventDate "2023.08.12"]
[EventRounds "9"]
[EventCountry "CZE"]

1. d4 Nf6 2. c4 e6 3. Nc3 d5 4. cxd5 exd5 5. Bg5 Nbd7 6. e3 c6 7. Bd3 Be7 8. Nge2
Nf8 9. Qc2 Ne6 10. Bh4 g6 11. O-O O-O 12. Rad1 Nh5 13. Bxe7 Qxe7 14. f3 Rd8 15. Qd2
b5 16. Rc1 Bb7 17. Kh1 a6 18. Bb1 Re8 19. Nd1 c5 20. dxc5 Nxc5 21. Nd4 Rac8 22. Re1
Ng7 23. Nf2 Nce6 24. Rxc8 Rxc8 25. Nd3 Qh4 26. Nxe6 Nxe6 27. Rc1 Re8 28. Kg1 Qg5
29. Nf4 Nxf4 30. exf4 Qf6 31. b4 d4 32. Rc7 d3 33. Bxd3 Qd4+ 34. Kf1 Bd5 35. Rc2
Rd8 36. Be2 Bxf3 37. Qxd4 Bxe2+ 38. Kxe2 Rxd4 39. a3 Rxf4 40. Rc6 Re4+ 41. Kd3 Re6
42. Rc7 g5 43. Rc5 h6 44. g4 Kg7 45. h3 Re1 46. Rc6 Rh1 47. Rxa6 Rxh3+ 48. Ke2 f6
49. Kf2 Kg6 50. Kg2 Rd3 51. Kf2 Rd4 52. Kg3 Rc4 53. Kh3 Rf4 54. Kg3 h5 55. gxh5+
Kxh5 56. Rb6 Rf5 57. Ra6 g4 58. Ra5 Kg5 59. Kg2 Kf4 60. Ra6 Kg5 61. Ra5 Re5 62. a4
bxa4 63. Rxa4 Re2+ 64. Kf1 Rb2 65. Ra5+ f5 66. Rb5 g3 67. Rb8 Kg4  0-1

[Event "Olomouc Chess Summer 2023 - A1"]
[Site "Olomouc (CZE), Hotel Flora"]
[Date "2023.08.18"]
[Round "8"]
[Board "5"]
[White "Krejci, Jan"]
[Black "Pap, Gyula"]
[Result "1/2-1/2"]
[WhiteElo "2521"]
[BlackElo "2429"]
[PlyCount "0"]
[EventDate "2023.08.12"]
[EventRounds "9"]
[EventCountry "CZE"]

1. c4 e6 2. Nf3 d5 3. e3 Nf6 4. b3 dxc4 5. Bxc4 c5 6. Bb2 Nc6 7. a3 a6 8. Qc2 b5
9. Bd3 Bb7 10. Nc3 Na5 11. Rb1 Rc8 12. Be2  1/2-1/2

[Event "Olomouc Chess Summer 2023 - A1"]
[Site "Olomouc (CZE), Hotel Flora"]
[Date "2023.08.19"]
[Round "9"]
[Board "1"]
[White "Pap, Gyula"]
[Black "Natsidis, Christoph"]
[Result "1/2-1/2"]
[WhiteElo "2429"]
[BlackElo "2342"]
[PlyCount "0"]
[EventDate "2023.08.12"]
[EventRounds "9"]
[EventCountry "CZE"]

1. e4 c5 2. Nf3 e6 3. d4 cxd4 4. Nxd4 a6 5. a3 Nf6 6. Nc3 d6 7. Bc4 Nc6 8. Be3 Be7
9. Ba2 Bd7 10. f4 O-O 11. Qe2 b5 12. g4 Nxd4 13. Bxd4 e5 14. fxe5 dxe5 15. Bxe5 Nxg4
16. Bg3 Bf6 17. h3 Bh4 18. Rg1 Ne5 19. Qf2 Bxg3 20. Qxg3 Qh4 21. Qxh4 Nf3+ 22. Kf2
Nxh4 23. Nd5  1/2-1/2

[Event "Olomouc Chess Summer 2023 - A1"]
[Site "Olomouc (CZE), Hotel Flora"]
[Date "2023.08.19"]
[Round "9"]
[Board "3"]
[White "Stinka, Jakub"]
[Black "Sorm, Daniel"]
[Result "1/2-1/2"]
[WhiteElo "2298"]
[BlackElo "2295"]
[PlyCount "0"]
[EventDate "2023.08.12"]
[EventRounds "9"]
[EventCountry "CZE"]

1. d4 Nf6 2. c4 e6 3. Nc3 Bb4 4. e3 O-O 5. Bd3 d5 6. a3 dxc4 7. Bxc4 Be7 8. Nf3 c5
9. O-O a6 10. Qe2 b5 11. Ba2 Bb7 12. Rd1 Nbd7 13. dxc5 Bxc5 14. e4 Ng4 15. Nd4 Qh4
16. h3 Nxf2 17. Qxf2 Qxf2+ 18. Kxf2 e5 19. Be3 exd4 20. Bxd4 Rfd8 21. Ke3 Rac8 22.
Bxc5 Nxc5 23. Rxd8+ Rxd8 24. Rf1 Rd3+ 25. Ke2 Rd7 26. Ke3 Rd3+ 27. Ke2 Rd7 28. Ke3
Rd3+ 29. Ke2  1/2-1/2

[Event "Olomouc Chess Summer 2023 - A1"]
[Site "Olomouc (CZE), Hotel Flora"]
[Date "2023.08.19"]
[Round "9"]
[Board "4"]
[White "Frank, Adam"]
[Black "Gnojek, Petr"]
[Result "1/2-1/2"]
[WhiteElo "2344"]
[BlackElo "2353"]
[PlyCount "0"]
[EventDate "2023.08.12"]
[EventRounds "9"]
[EventCountry "CZE"]

1. g3 Nf6 2. Bg2 g6 3. Nf3 Bg7 4. d3 O-O 5. e4 d6 6. Nbd2 e5 7. c3 Re8 8. O-O c6
9. Re1 a5 10. a4 Nbd7  1/2-1/2

[Event "Olomouc Chess Summer 2023 - A1"]
[Site "Olomouc (CZE), Hotel Flora"]
[Date "2023.08.19"]
[Round "9"]
[Board "5"]
[White "Szwed, Jacek"]
[Black "Poltorak, Sebastian"]
[Result "1-0"]
[WhiteElo "2358"]
[BlackElo "2356"]
[PlyCount "0"]
[EventDate "2023.08.12"]
[EventRounds "9"]
[EventCountry "CZE"]

1. e4 c5 2. Nf3 e6 3. c4 Nc6 4. Nc3 Nge7 5. Be2 Ng6 6. d4 cxd4 7. Nxd4 Bb4 8. O-O
O-O 9. Be3 a6 10. Nxc6 bxc6 11. Na4 Rb8 12. f4 d5 13. e5 f6 14. exf6 Rxf6 15. Kh1
Bd6 16. Qd2 Qc7 17. g3 Bb7 18. c5 Be7 19. Bd4 e5 20. fxe5 Nxe5 21. Qc3 Rxf1+ 22.
Bxf1 Bf6 23. Nb6 Ng4 24. Re1 Rf8 25. Kg1 Bc8 26. Bxf6 Nxf6 27. Qe5 Qb7 28. Qe7 Ne4
29. Rxe4  1-0

[Event "Olomouc Chess Summer 2023 - A2"]
[Site "Olomouc (CZE), Hotel Flora"]
[Date "2023.08.12"]
[Round "1"]
[Board "1"]
[White "Dzida, Kamil"]
[Black "Levitan, Tal"]
[Result "1-0"]
[WhiteElo "2356"]
[BlackElo "2321"]
[PlyCount "0"]
[EventDate "2023.08.12"]
[EventRounds "9"]
[EventCountry "CZE"]

1. d4 Nf6 2. Nf3 d5 3. c4 e6 4. Nc3 Be7 5. Bg5 O-O 6. e3 b6 7. cxd5 exd5 8. Bd3 Nbd7
9. O-O Bb7 10. Qc2 c5 11. Rad1 Ne4 12. Bf4 Ndf6 13. dxc5 Nxc5 14. Nd4 g6 15. Bh6
Re8 16. Bb5 Rc8 17. Bxe8 Qxe8 18. Qb1 Nfe4 19. Nce2 Ba6 20. f3 Bg5 21. Bxg5 Nxg5
22. Kf2 Qe5 23. h4 Re8 24. Qc1 Nge6 25. Nxe6 Rxe6 26. Rfe1 Bxe2 27. Rxe2 Rf6 28.
Kg1 Qg3 29. Rxd5 Rxf3 30. Qe1 Qxe1+ 31. Rxe1 Rf6 32. b4 Ne4 33. Rf1 Re6 34. Rd7 Nd6
35. Rxa7 Nf5 36. Rb7 Kg7 37. a4 Kh6 38. a5 bxa5 39. bxa5 Rxe3 40. Ra1 Nd6 41. Rd7
 1-0

[Event "Olomouc Chess Summer 2023 - A2"]
[Site "Olomouc (CZE), Hotel Flora"]
[Date "2023.08.12"]
[Round "1"]
[Board "2"]
[White "Kulkarni, Bhakti"]
[Black "Rubes, Jan"]
[Result "1/2-1/2"]
[WhiteElo "2345"]
[BlackElo "2402"]
[PlyCount "0"]
[EventDate "2023.08.12"]
[EventRounds "9"]
[EventCountry "CZE"]

1. Nf3 Nf6 2. c4 g6 3. b3 Bg7 4. Bb2 O-O 5. g3 d6 6. Bg2 e5 7. d3 a5 8. O-O Na6 9.
a3 c6 10. Nc3 Re8 11. Nd2 h5 12. b4 Bd7 13. b5 Nc5 14. a4 h4 15. Ba3 hxg3 16. hxg3
e4 17. Bxc5 dxc5 18. Ncxe4 Nxe4 19. Nxe4 Qe7 20. Rb1 cxb5 21. cxb5 Rad8 22. Qc2 b6
23. Nc3 Bxc3 24. Qxc3 Qxe2 25. Rbe1 Qg4 26. Qf6 Be6 27. Bc6 Rxd3 28. Re4 Rxg3+ 29.
fxg3 Qxg3+ 30. Kh1 Qh3+ 31. Kg1 Qg3+  1/2-1/2

[Event "Olomouc Chess Summer 2023 - A2"]
[Site "Olomouc (CZE), Hotel Flora"]
[Date "2023.08.12"]
[Round "1"]
[Board "3"]
[White "Neuman, Petr"]
[Black "Delgerdalai, Bayarjavkhlan"]
[Result "1-0"]
[WhiteElo "2370"]
[BlackElo "2273"]
[PlyCount "0"]
[EventDate "2023.08.12"]
[EventRounds "9"]
[EventCountry "CZE"]

1. Nf3 c5 2. g3 d5 3. Bg2 Nf6 4. O-O Nc6 5. d4 cxd4 6. Nxd4 e5 7. Nxc6 bxc6 8. c4
Be6 9. Bg5 Qd7 10. Bxf6 gxf6 11. cxd5 cxd5 12. Nc3 Rd8 13. e4 dxe4 14. Nxe4 Qxd1
15. Rfxd1 f5 16. Nf6+ Ke7 17. Rxd8 Kxd8 18. Rd1+ Ke7 19. Nd5+ Kd6 20. Ne3+ Kc7 21.
Bh3 Bc5 22. Bxf5 Bxa2 23. Nd5+ Bxd5 24. Rxd5 Bd6 25. Rd3 h6 26. Rc3+ Kb6 27. Be4
Bc5 28. Rf3 Rf8 29. Rf6+ Kb5 30. Kg2 Kc4 31. g4 Rb8 32. h4 Rxb2 33. g5 hxg5 34. h5
Re2 35. Bb7 e4 36. Ba6+  1-0

[Event "Olomouc Chess Summer 2023 - A2"]
[Site "Olomouc (CZE), Hotel Flora"]
[Date "2023.08.12"]
[Round "1"]
[Board "4"]
[White "Mirzoev, Azer"]
[Black "Polak, Tomas"]
[Result "1/2-1/2"]
[WhiteElo "2417"]
[BlackElo "2520"]
[PlyCount "0"]
[EventDate "2023.08.12"]
[EventRounds "9"]
[EventCountry "CZE"]

1. Nf3 Nf6 2. d4 e6 3. c4 b6 4. g3 Bb7 5. Bg2 Be7 6. O-O O-O 7. Nc3 Ne4 8. Nxe4 Bxe4
9. Ne1 Bxg2 10. Nxg2 d5 11. Qa4  1/2-1/2

[Event "Olomouc Chess Summer 2023 - A2"]
[Site "Olomouc (CZE), Hotel Flora"]
[Date "2023.08.12"]
[Round "1"]
[Board "5"]
[White "Stalmach, Richard"]
[Black "Vlasak, Lukas"]
[Result "0-1"]
[WhiteElo "2433"]
[BlackElo "2450"]
[PlyCount "0"]
[EventDate "2023.08.12"]
[EventRounds "9"]
[EventCountry "CZE"]

1. d4 d5 2. c4 dxc4 3. e4 b5 4. a4 c6 5. axb5 cxb5 6. Nc3 Qb6 7. Nd5 Qb7 8. Bf4 e5
9. Bxe5 Nd7 10. f3 Nxe5 11. dxe5 Be6 12. Ne2 Rd8 13. Nec3 Bb4 14. Qd4 Ne7 15. Rxa7
Qb8 16. Rxe7+ Bxe7 17. f4 Bb4 18. Be2 Bxd5 19. exd5 Qa8 20. d6 Qa1+ 21. Kf2 Qxh1
22. e6 O-O 23. e7 Bxd6 24. exf8=Q+ Kxf8 25. Nxb5 Be7 26. Qxc4 Bh4+  0-1